[Event "36th World U20 ch"]
[Site "Zagan POL"]
[Date "1997.07.24"]
[Round "10"]
[White "Blanco Acevedo, Cristobal Jose"]
[Black "Ho, Andrew"]
[Result "1/2-1/2"]
[WhiteElo "2090"]
[BlackElo "2340"]
[EventDate "1997.07.14"]
[PlyCount "84"]

1.e4 g6 2.d4 Bg7 3.Nf3 c6 4.Nbd2 d5 5.e5 Bg4 6.Be2 e6 7.O-O Ne7 8.h3 Bxf3 
9.Nxf3 Nd7 10.c3 Qb6 11.b4 a5 12.a3 axb4 13.cxb4 Qa7 14.a4 b6 15.Bg5 h6 
16.Bxe7 Kxe7 17.Qb3 Rhc8 18.a5 Kf8 19.Qa4 Kg8 20.Rfc1 bxa5 21.bxa5 Qc7 22.
Nd2 c5 23.Bb5 Ra7 24.Bxd7 Qxd7 25.dxc5 Bxe5 26.Qxd7 Rxd7 27.Ra4 Rc6 28.f4 
Bf6 29.Rb4 Kg7 30.Nb3 Bd8 31.Kf1 Ra7 32.Rb5 Bc7 33.g3 g5 34.fxg5 hxg5 35.
Rb6 Bxb6 36.axb6 Rb7 37.Ke2 Kg6 38.Ke3 Rb8 39.Kd4 Rbxb6 40.cxb6 Rxb6 41.
Nc5 Rb4+ 42.Ke5 Rb2 1/2-1/2

[Event "36th World U20 ch"]
[Site "Zagan POL"]
[Date "1997.07.24"]
[Round "10"]
[White "Karner, Christoph"]
[Black "Sarakauskas, Gediminas"]
[Result "1/2-1/2"]
[WhiteElo "2155"]
[BlackElo "2295"]
[EventDate "1997.07.14"]
[PlyCount "93"]

1.d4 d6 2.c4 g6 3.Nc3 Bg7 4.e4 Nc6 5.Nge2 e5 6.d5 Nce7 7.Bg5 f5 8.exf5 
gxf5 9.Ng3 Nf6 10.Nh5 Nxh5 11.Qxh5+ Kf8 12.Bd3 e4 13.Bc2 Qe8 14.Qxe8+ Kxe8
15.Nb5 Kd8 16.O-O-O Rg8 17.Bxe7+ Kxe7 18.Nxc7 Rb8 19.f3 Kd8 20.Nb5 Bd7 21.
Nd4 Rc8 22.b3 b5 23.cxb5 Bxd4 24.Rxd4 Rxg2 25.Rc4 exf3 26.Rxc8+ Kxc8 27.
Rf1 f2 28.Kd2 Bxb5 29.Bxf5+ Kb7 30.Bd3 Kb6 31.h4 Rh2 32.Bxb5 Kxb5 33.Ke3 
Kc5 34.Rxf2 Rxf2 35.Kxf2 Kd4 36.Kf3 h5 37.Kf4 Kxd5 38.Ke3 Ke5 39.b4 d5 40.
Kd3 d4 41.a3 Kd5 42.a4 Ke5 43.a5 Kd5 44.a6 Kc6 45.Kxd4 Kb5 46.Kd5 Kxa6 47.
Kc6 1/2-1/2

[Event "36th World U20 ch"]
[Site "Zagan POL"]
[Date "1997.07.24"]
[Round "10"]
[White "Pihlajasalo, Hannu"]
[Black "Bae, Torstein"]
[Result "1/2-1/2"]
[WhiteElo "2185"]
[BlackElo "2200"]
[EventDate "1997.07.14"]
[PlyCount "32"]

1.d4 g6 2.e4 d6 3.c4 Bg7 4.Nc3 Nd7 5.f3 c5 6.d5 Ngf6 7.Be3 O-O 8.Qd2 Ne5 
9.Bg5 Ne8 10.f4 Nd7 11.Nf3 Nc7 12.Bd3 a6 13.a4 Qe8 14.O-O e5 15.f5 f6 16.
Be3 g5 1/2-1/2

[Event "36th World U20 ch"]
[Site "Zagan POL"]
[Date "1997.07.25"]
[Round "11"]
[White "Banikas, Hristos"]
[Black "Shaked, Tal"]
[Result "1/2-1/2"]
[WhiteElo "2450"]
[BlackElo "2500"]
[EventDate "1997.07.14"]
[PlyCount "77"]

1.d4 Nf6 2.c4 g6 3.Nc3 Bg7 4.e4 d6 5.f4 O-O 6.Nf3 Na6 7.Bd3 e5 8.fxe5 dxe5
9.d5 c6 10.O-O cxd5 11.cxd5 Ne8 12.Be3 Nd6 13.Bxa6 bxa6 14.Qa4 f5 15.Bc5 
Bb7 16.exf5 Rxf5 17.Qb3 Rf7 18.Ng5 Rxf1+ 19.Rxf1 Qxg5 20.Ne4 Nxe4 21.d6+ 
Kh8 22.Qxb7 Rf8 23.Qxe4 Rxf1+ 24.Kxf1 Qc1+ 25.Ke2 Qxb2+ 26.Kf3 Qc3+ 27.Be3
Qc8 28.d7 Qf8+ 29.Kg3 Bf6 30.Qd5 Kg7 31.Bxa7 h5 32.Be3 h4+ 33.Kg4 Qb4+ 34.
Kf3 e4+ 35.Qxe4 Qd6 36.Qb7 Qd1+ 37.Ke4 Qc2+ 38.Kf3 Qd1+ 39.Kf2 1/2-1/2

[Event "36th World U20 ch"]
[Site "Zagan POL"]
[Date "1997.07.25"]
[Round "11"]
[White "Baklan, Volodymyr"]
[Black "Mirumian, Vigen"]
[Result "0-1"]
[WhiteElo "2570"]
[BlackElo "2490"]
[EventDate "1997.07.14"]
[PlyCount "104"]

1.e4 c5 2.Nf3 e6 3.c3 d5 4.exd5 Qxd5 5.d4 cxd4 6.cxd4 Nf6 7.Nc3 Qa5 8.Bd3 
Be7 9.O-O O-O 10.Bf4 Bd7 11.Ne5 Bc6 12.Re1 Nbd7 13.Re3 Rfc8 14.Bg5 Nf8 15.
Rh3 Rd8 16.Bxf6 Bxf6 17.Bxh7+ Nxh7 18.Qh5 Bxe5 19.dxe5 Kf8 20.Re1 Nf6 21.
exf6 Qxh5 22.fxg7+ Kxg7 23.Rxh5 Rd2 24.b4 Rc2 25.b5 Rxc3 26.bxc6 Rxc6 27.
Rg5+ Kf6 28.h4 Rh8 29.Rg4 b5 30.Ree4 Rc5 31.Ref4+ Rf5 32.Rd4 Ke7 33.f3 a5 
34.Kf2 b4 35.Rc4 Rd5 36.Rc7+ Rd7 37.Rgc4 Rd8 38.Ke3 Kf6 39.g4 Rd3+ 40.Kf2 
Rd2+ 41.Kg3 Rxa2 42.Rf4+ Ke5 43.Rfxf7 b3 44.Rb7 a4 45.Rb5+ Rd5 46.Rfb7 Rd2
47.h5 Rxb5 48.Rxb5+ Rd5 49.f4+ Kf6 50.Rb7 Rd3+ 51.Kh4 a3 52.h6 a2 0-1

[Event "36th World U20 ch"]
[Site "Zagan POL"]
[Date "1997.07.25"]
[Round "11"]
[White "Li Shilong"]
[Black "Dao Thien Hai"]
[Result "1-0"]
[WhiteElo "2335"]
[BlackElo "2525"]
[EventDate "1997.07.14"]
[PlyCount "91"]

1.e4 c5 2.Nf3 d6 3.d4 cxd4 4.Nxd4 Nf6 5.Nc3 a6 6.Be2 e5 7.Nb3 Be7 8.O-O 
O-O 9.Be3 Nc6 10.f3 Be6 11.Nd5 Bxd5 12.exd5 Nb4 13.c4 a5 14.Qd2 b6 15.Nc1 
Na6 16.b3 Nh5 17.a3 Nc5 18.Rb1 f5 19.b4 axb4 20.axb4 Nd7 21.Nd3 f4 22.Bf2 
Rc8 23.Rfc1 Bg5 24.Qd1 Nhf6 25.c5 e4 26.fxe4 Nxe4 27.c6 Nxf2 28.Nxf2 Ne5 
29.Bf3 Rc7 30.Ne4 Bh6 31.Rc3 g5 32.Bg4 f3 33.gxf3 Bg7 34.Be6+ Kh8 35.Ra3 
Re7 36.b5 Ng6 37.Rb4 Nf4 38.Rba4 Qe8 39.Nxd6 Qg6 40.Ra8 Nxe6 41.dxe6 Qxe6 
42.Rxf8+ Bxf8 43.Qd4+ Kg8 44.Qc4 Kg7 45.Qxe6 Rxe6 46.Ra7+ 1-0

[Event "36th World U20 ch"]
[Site "Zagan POL"]
[Date "1997.07.25"]
[Round "11"]
[White "Avrukh, Boris"]
[Black "Antoniewski, Rafal"]
[Result "1-0"]
[WhiteElo "2550"]
[BlackElo "2405"]
[EventDate "1997.07.14"]
[PlyCount "79"]

1.d4 Nf6 2.c4 g6 3.Nc3 Bg7 4.Nf3 O-O 5.Bg5 h6 6.Bh4 d6 7.e3 c5 8.d5 Ne8 9.
Nd2 f5 10.Bd3 Nd7 11.f4 Ndf6 12.O-O e5 13.dxe6 Bxe6 14.e4 Qd7 15.exf5 gxf5
16.Nf3 Nc7 17.Qc2 Nh5 18.Qd2 Qf7 19.Rfe1 Rae8 20.Bc2 Bxc4 21.Qxd6 Ne6 22.
Ba4 Rd8 23.Bxd8 Rxd8 24.Qxd8+ Nxd8 25.Be8 Qc7 26.Bxh5 Nc6 27.Rad1 Qxf4 28.
Nd5 Bxd5 29.Rxd5 Nd4 30.Rd8+ Kh7 31.Rd7 Nc6 32.Rxb7 Qd6 33.Be8 Nd4 34.Nh4 
Ne2+ 35.Kh1 Qd2 36.Bg6+ Kg8 37.Nf3 Qd3 38.Ng1 Qa6 39.Rb8+ Bf8 40.Rxe2 1-0

[Event "36th World U20 ch"]
[Site "Zagan POL"]
[Date "1997.07.25"]
[Round "11"]
[White "Kempinski, Robert"]
[Black "Florean, Andrei"]
[Result "1-0"]
[WhiteElo "2530"]
[BlackElo "2445"]
[EventDate "1997.07.14"]
[PlyCount "81"]

1.d4 Nf6 2.c4 c5 3.d5 d6 4.Nc3 g6 5.Nf3 Bg7 6.Bg5 h6 7.Bh4 O-O 8.e3 e5 9.
Nd2 Qd7 10.Be2 Nh7 11.g4 Na6 12.Rg1 Bf6 13.Bg3 Nc7 14.Qc2 Kh8 15.h4 Ne8 
16.h5 gxh5 17.gxh5 Bd8 18.O-O-O Ng7 19.f4 exf4 20.Bxf4 Bg5 21.Nce4 Bxf4 
22.exf4 Qe7 23.Qc3 Rg8 24.Rde1 f5 25.Nf2 Bd7 26.Rg6 Raf8 27.Nd3 Rf6 28.Bd1
Qf8 29.Ne5 Be8 30.Rg2 dxe5 31.fxe5 Ra6 32.Reg1 Ng5 33.e6 Kh7 34.Nf3 Nh3 
35.Rh1 Nf4 36.Rf2 Ngxh5 37.Bc2 Qf6 38.Qxf6 Nxf6 39.Nh4 Ng6 40.Bxf5 Kh8 41.
Nxg6+ 1-0

[Event "36th World U20 ch"]
[Site "Zagan POL"]
[Date "1997.07.25"]
[Round "11"]
[White "Van den Doel, Erik"]
[Black "Gyimesi, Zoltan"]
[Result "0-1"]
[WhiteElo "2440"]
[BlackElo "2525"]
[EventDate "1997.07.14"]
[PlyCount "104"]

1.e4 e5 2.Nf3 Nc6 3.Bb5 a6 4.Ba4 Nf6 5.O-O Nxe4 6.d4 b5 7.Bb3 d5 8.dxe5 
Be6 9.Nbd2 Nc5 10.c3 d4 11.cxd4 Nxd4 12.Nxd4 Qxd4 13.Bxe6 Nxe6 14.Qf3 Rd8 
15.a4 Bb4 16.axb5 axb5 17.Qc6+ Qd7 18.Qxd7+ Rxd7 19.Ra8+ Rd8 20.Rxd8+ Kxd8
21.Ne4 Ke7 22.Be3 Rd8 23.f4 Rd5 24.Kf2 Bc5 25.Rc1 Bxe3+ 26.Kxe3 c5 27.b3 
f6 28.Nc3 Rd4 29.f5 Nc7 30.e6 g6 31.g4 Rxg4 32.Ra1 gxf5 33.Ra7 Kd6 34.e7 
Nd5+ 35.Kf3 Nxe7 36.Nxb5+ Ke6 37.Nc7+ Ke5 38.Na6 Nc6 39.Rxh7 Nd4+ 40.Kf2 
Nxb3 41.h4 Ra4 42.Nc7 c4 43.Nb5 Ra2+ 44.Ke1 Rh2 45.h5 Nd2 46.h6 Ne4 47.
Re7+ Kf4 48.h7 c3 49.Nd4 Kg4 50.Nc2 f4 51.Nd4 Ng5 52.Rc7 f3 0-1

[Event "36th World U20 ch"]
[Site "Zagan POL"]
[Date "1997.07.25"]
[Round "11"]
[White "Delemarre, Jop"]
[Black "Krakops, Maris"]
[Result "1/2-1/2"]
[WhiteElo "2395"]
[BlackElo "2530"]
[EventDate "1997.07.14"]
[PlyCount "82"]

1.d4 Nf6 2.Nf3 g6 3.Bg5 Bg7 4.Nbd2 c5 5.Bxf6 Bxf6 6.Ne4 Bxd4 7.Nxd4 cxd4 
8.Qxd4 O-O 9.c4 Nc6 10.Qd2 b6 11.g3 Bb7 12.Bg2 Qc7 13.O-O Ne5 14.b3 Rad8 
15.Rfd1 d5 16.cxd5 Bxd5 17.Rac1 Qb8 18.Nf6+ exf6 19.Bxd5 Rd7 20.Qc2 Rfd8 
21.Be4 Rxd1+ 22.Rxd1 Rxd1+ 23.Qxd1 Qc7 24.Qd2 Kg7 25.Kg2 h5 26.f4 Nd7 27.
Qc2 Qd6 28.Qd3 Qe7 29.Bf3 Nc5 30.Qc4 Qe3 31.f5 a5 32.b4 axb4 33.Qxb4 g5 
34.h3 Qe5 35.Qxb6 Ne4 36.Bxe4 Qxe4+ 37.Kg1 Qxe2 38.Qf2 Qe4 39.Kh2 Qe5 40.
Kg2 Qd5+ 41.Kh2 Qe5 1/2-1/2

[Event "36th World U20 ch"]
[Site "Zagan POL"]
[Date "1997.07.25"]
[Round "11"]
[White "Zulfugarli, Mahomed"]
[Black "Vajda, Levente"]
[Result "1-0"]
[WhiteElo "2385"]
[BlackElo "2445"]
[EventDate "1997.07.14"]
[PlyCount "147"]

1.e4 e5 2.Nf3 Nc6 3.Bb5 a6 4.Ba4 Nf6 5.O-O Be7 6.Re1 b5 7.Bb3 O-O 8.h3 Bb7
9.d3 h6 10.Nc3 d6 11.a3 Nd4 12.Nxd4 exd4 13.Ne2 c5 14.Ng3 Re8 15.c3 dxc3 
16.bxc3 Bf8 17.Qf3 c4 18.Bc2 cxd3 19.Qxd3 Rc8 20.Bd2 Rc4 21.f3 Qc7 22.Nf5 
Rc5 23.Ne3 g6 24.Bb3 Nd7 25.Ng4 Ne5 26.Nf6+ Kh8 27.Nxe8 Nxd3 28.Nxc7 Rxc7 
29.Re3 Nc5 30.Bc2 Bg7 31.Rd1 Bc8 32.f4 Ne6 33.Rd3 Bb7 34.Re1 Nd4 35.Bd1 
Ne6 36.Rxd6 Bf8 37.Rd3 Nc5 38.Rd8 Kg7 39.f5 Nxe4 40.Bf4 Bc5+ 41.Kh2 Re7 
42.fxg6 Kxg6 43.Bd6 Bf2 44.Rxe4 Rxe4 45.Bc2 f5 46.Bxe4 fxe4 47.Rd7 Bc8 48.
Rc7 Be6 49.Bc5 Be1 50.Be3 h5 51.Rc6 Kf7 52.Kg1 Bc4 53.Rxa6 Bxc3 54.Rh6 Bb2
55.Bc5 Bc1 56.Rxh5 e3 57.Bb4 Bb2 58.Rh4 Bd3 59.Rh5 Ke6 60.g4 Be5 61.h4 Bg7
62.Bc5 e2 63.Bb4 Bb2 64.Kf2 Bd4+ 65.Kf3 Bb2 66.Ke3 Bc4 67.Kf2 Bd4+ 68.Kf3 
Bb2 69.Rh7 Kd5 70.Ra7 Kc6 71.g5 Be5 72.h5 Bc7 73.g6 Bd8 74.h6 1-0

[Event "36th World U20 ch"]
[Site "Zagan POL"]
[Date "1997.07.25"]
[Round "11"]
[White "Socko, Bartosz"]
[Black "Bagheri, Amir"]
[Result "1/2-1/2"]
[WhiteElo "2435"]
[BlackElo "2300"]
[EventDate "1997.07.14"]
[PlyCount "82"]

1.e4 c6 2.d4 d5 3.Nd2 dxe4 4.Nxe4 Bf5 5.Ng3 Bg6 6.Nh3 Nf6 7.Nf4 Nbd7 8.Bc4
e5 9.Nxg6 hxg6 10.O-O Bd6 11.Re1 Qc7 12.Bg5 Kf8 13.h3 exd4 14.Qxd4 Be5 15.
Qd2 Nb6 16.Bf1 Kg8 17.Rad1 Kh7 18.Ne4 Rhd8 19.Qe2 Rxd1 20.Qxd1 Bxb2 21.Bd3
Nbd5 22.Qf3 Kg8 23.Bc4 Nxe4 24.Qxe4 Bf6 25.Bxf6 gxf6 26.Bxd5 cxd5 27.Qxd5 
Rd8 28.Qb3 Kg7 29.a4 Rd2 30.Qe3 Rxc2 31.Qxa7 Ra2 32.Qd4 Qc2 33.Re4 Qc1+ 
34.Kh2 Qc7+ 35.g3 Qc6 36.Rf4 Rc2 37.g4 Rc1 38.Qe4 Qc7 39.Qd4 Qc6 40.Qe4 
Qd6 41.Qd4 Qc6 1/2-1/2

[Event "36th World U20 ch"]
[Site "Zagan POL"]
[Date "1997.07.25"]
[Round "11"]
[White "Malakhatko, Vadym"]
[Black "Ibraev, Nurlan"]
[Result "0-1"]
[WhiteElo "2445"]
[BlackElo "2320"]
[EventDate "1997.07.14"]
[PlyCount "78"]

1.Nf3 Nf6 2.g3 c5 3.Bg2 Nc6 4.c4 d5 5.cxd5 Nxd5 6.Nc3 Nc7 7.d3 e5 8.Be3 
Be7 9.Rc1 Bd7 10.a3 O-O 11.O-O Kh8 12.Nd2 Rb8 13.Nc4 f6 14.f4 exf4 15.Bxf4
Ra8 16.Kh1 Ne6 17.Be3 Ned4 18.Bg1 Bg4 19.Rf4 f5 20.Rb1 Bg5 21.Rf2 Qd7 22.
Qf1 Rae8 23.h3 Bh5 24.e3 Bxe3 25.Nxe3 Rxe3 26.g4 Bg6 27.Nd5 Ree8 28.b4 Bf7
29.Nf4 cxb4 30.axb4 fxg4 31.hxg4 Ne5 32.Be4 Bg8 33.Rbb2 g5 34.Nh5 Ndf3 35.
Qa1 Qxg4 36.Rxf3 Rxf3 37.Rh2 Rxd3 38.Bxb7 Rd5 39.Bxd5 Bxd5+ 0-1

[Event "36th World U20 ch"]
[Site "Zagan POL"]
[Date "1997.07.25"]
[Round "11"]
[White "Vesterbak Pedersen, Nicolai"]
[Black "Tikhonov, Yury"]
[Result "0-1"]
[WhiteElo "2300"]
[BlackElo "2415"]
[EventDate "1997.07.14"]
[PlyCount "48"]

1.d4 Nf6 2.c4 c5 3.d5 b5 4.cxb5 a6 5.bxa6 g6 6.Nc3 Bxa6 7.g3 d6 8.Bg2 Bg7 
9.Nh3 Nbd7 10.O-O O-O 11.Qc2 Qa5 12.Bd2 Rfb8 13.Rab1 Ne5 14.b3 c4 15.Ne4 
cxb3 16.Rxb3 Qd8 17.Rxb8 Rxb8 18.Nxf6+ Bxf6 19.Bg5 Rb2 20.Qa4 Bxe2 21.Bxf6
Bxf1 22.Bxe5 Bb5 23.Qe4 dxe5 24.Bf3 f5 0-1

[Event "36th World U20 ch"]
[Site "Zagan POL"]
[Date "1997.07.25"]
[Round "11"]
[White "Bates, Richard"]
[Black "Carrasco Martinez, Juan Manuel"]
[Result "1-0"]
[WhiteElo "2345"]
[BlackElo "2280"]
[EventDate "1997.07.14"]
[PlyCount "105"]

1.d4 e6 2.Nf3 Nf6 3.g3 d5 4.c4 c6 5.Bg2 Nbd7 6.Qc2 Be7 7.O-O O-O 8.Nbd2 b5
9.c5 Qc7 10.e4 e5 11.exd5 Nxd5 12.Nb3 Re8 13.Bd2 exd4 14.Nfxd4 N7f6 15.
Rfe1 Bd7 16.Ba5 Qb7 17.Nc1 b4 18.Nd3 Rab8 19.Ne5 Qa6 20.Nb3 Bf8 21.Rad1 
Qc8 22.Nd4 Re7 23.Qc4 Qe8 24.f4 g6 25.Bf3 Bg7 26.Re2 h5 27.Rde1 Bf8 28.Qa6
Qc8 29.Qc4 Qe8 30.Kg2 h4 31.Qc2 Qc8 32.Qa4 Rb5 33.Nxd7 Rxd7 34.Nxb5 cxb5 
35.Qxb5 Qxc5 36.Qxc5 Bxc5 37.Bxd5 Rxd5 38.Bc7 hxg3 39.hxg3 Ng4 40.Kf3 f5 
41.Re8+ Kf7 42.Rd8 Rxd8 43.Bxd8 Nf2 44.Be7 Bxe7 45.Kxf2 Bf6 46.Re2 Bd4+ 
47.Ke1 g5 48.fxg5 Kg6 49.Rc2 Kxg5 50.Ke2 a5 51.b3 Bb6 52.Kf3 Ba7 53.Rc6 
1-0

[Event "36th World U20 ch"]
[Site "Zagan POL"]
[Date "1997.07.25"]
[Round "11"]
[White "Pereyra Arcija, Diego"]
[Black "Bircher, Roland"]
[Result "1/2-1/2"]
[WhiteElo "2460"]
[BlackElo "2185"]
[EventDate "1997.07.14"]
[PlyCount "83"]

1.d4 f5 2.g3 Nf6 3.Bg2 g6 4.c4 Bg7 5.Nh3 d6 6.d5 O-O 7.Nc3 c6 8.Nf4 Qe8 9.
O-O e5 10.dxe6 Bxe6 11.Nxe6 Qxe6 12.Bf4 Na6 13.Qxd6 Qxc4 14.Rfd1 Rfe8 15.
Bg5 Qe6 16.Rd2 Qxd6 17.Rxd6 Kf7 18.Rad1 Nc5 19.Be3 Ne6 20.h3 Bf8 21.R6d3 
Bc5 22.Bxc5 Nxc5 23.Rd4 Re7 24.e3 Rae8 25.Bf1 Nfe4 26.Nxe4 Rxe4 27.b4 Rxd4
28.Rxd4 Ne6 29.Bc4 Ke7 30.Rh4 Rh8 31.g4 h6 32.gxf5 gxf5 33.Kf1 Kf6 34.Bxe6
Kxe6 35.Ke2 Kf6 36.Kf3 b6 37.Rc4 Rc8 38.Kf4 c5 39.f3 Rc6 40.e4 fxe4 41.
fxe4 Rc7 42.e5+ 1/2-1/2

[Event "36th World U20 ch"]
[Site "Zagan POL"]
[Date "1997.07.25"]
[Round "11"]
[White "Jirovsky, Petr"]
[Black "Blehm, Pawel"]
[Result "1-0"]
[WhiteElo "2395"]
[BlackElo "2400"]
[EventDate "1997.07.14"]
[PlyCount "47"]

1.d4 Nf6 2.c4 g6 3.Nc3 Bg7 4.e4 d6 5.f4 O-O 6.Nf3 Na6 7.Be2 e5 8.fxe5 dxe5
9.d5 c6 10.Bg5 Qb6 11.Qb3 Qc7 12.O-O cxd5 13.Nxd5 Qc5+ 14.Be3 Qa5 15.Ng5 
Qd8 16.Rad1 Nd7 17.Qa3 Qe8 18.Qe7 f6 19.Ne6 Qf7 20.Nxf8 Bxf8 21.Qd8 Kg7 
22.Nxf6 Nxf6 23.Rxf6 Qxf6 24.Bh6+ 1-0

[Event "36th World U20 ch"]
[Site "Zagan POL"]
[Date "1997.07.25"]
[Round "11"]
[White "Goloschapov, Alexander"]
[Black "Rezan, Sasa"]
[Result "1/2-1/2"]
[WhiteElo "2400"]
[BlackElo "2250"]
[EventDate "1997.07.14"]
[PlyCount "116"]

1.e4 c5 2.Nf3 e6 3.d4 cxd4 4.Nxd4 Nf6 5.Nc3 d6 6.g4 Nc6 7.g5 Nd7 8.Be3 Be7
9.h4 O-O 10.Qd2 Nde5 11.Be2 Nxd4 12.Qxd4 Nc6 13.Qd2 Qa5 14.O-O-O Rb8 15.
Kb1 b5 16.Bd3 Bd7 17.f4 Rfc8 18.Ne2 Qxd2 19.Rxd2 a6 20.c3 Na5 21.b3 Nc4 
22.Bxc4 bxc4 23.b4 a5 24.a3 Bc6 25.Ng3 f5 26.gxf6 gxf6 27.Rg1 Kf7 28.Rd4 
axb4 29.axb4 Ba8 30.e5 Bd5 31.Nh5 Rg8 32.Nxf6 Bxf6 33.exf6 Rxg1+ 34.Bxg1 
Rg8 35.Rd1 Kxf6 36.Bd4+ Kf5 37.Rg1 Rxg1+ 38.Bxg1 Kxf4 39.Kc2 h5 40.Bb6 Bc6
41.Bc7 Kg4 42.Bxd6 Kxh4 43.Kd2 Kh3 44.Ke3 h4 45.Kf2 Kg4 46.Ke3 Kf5 47.Bh2 
e5 48.Bg1 Kg4 49.Bh2 Kf5 50.Bg1 Be8 51.Bh2 Ke6 52.Bg1 Kd5 53.Bf2 h3 54.Bg3
e4 55.Kf4 Bd7 56.Ke3 Be8 57.Kf4 Bg6 58.Kg4 Be8 1/2-1/2

[Event "36th World U20 ch"]
[Site "Zagan POL"]
[Date "1997.07.25"]
[Round "11"]
[White "Putka, Verners"]
[Black "Fontaine, Robert"]
[Result "0-1"]
[WhiteElo "2220"]
[BlackElo "2395"]
[EventDate "1997.07.14"]
[PlyCount "58"]

1.e4 c5 2.Nf3 d6 3.d4 cxd4 4.Nxd4 Nf6 5.Nc3 Nc6 6.f3 e6 7.Be3 a6 8.Qd2 d5 
9.O-O-O Be7 10.Qf2 e5 11.Nxc6 bxc6 12.Qg3 Qd6 13.exd5 cxd5 14.Ne4 Nxe4 15.
fxe4 d4 16.Qxg7 Bf6 17.Qg3 Qe6 18.Bh6 Qxa2 19.Rd3 Qa1+ 20.Kd2 Qa5+ 21.Kd1 
Qa1+ 22.Bc1 h5 23.Ra3 Qb1 24.Bc4 Bg4+ 25.Kd2 Rc8 26.Bb3 d3 27.Kxd3 Ke7 28.
Rf1 Rhd8+ 29.Ke3 Rxc2 0-1

[Event "36th World U20 ch"]
[Site "Zagan POL"]
[Date "1997.07.25"]
[Round "11"]
[White "Sarakauskas, Gediminas"]
[Black "Bratanov, Zsivko"]
[Result "0-1"]
[WhiteElo "2295"]
[BlackElo "2355"]
[EventDate "1997.07.14"]
[PlyCount "104"]

1.e4 e5 2.Nf3 Nc6 3.Bb5 a6 4.Bxc6 dxc6 5.O-O Ne7 6.Nxe5 Qd4 7.Qh5 g6 8.Qg5
Bg7 9.Nd3 Be6 10.Nc3 Bc4 11.Ne2 Qxe4 12.Nef4 h6 13.Qc5 Qd4 14.Re1 Qxc5 15.
Nxc5 b6 16.d3 Bd5 17.Na4 Kd7 18.Bd2 Nf5 19.Nc3 Nd4 20.Rac1 Be6 21.Ne4 Bxa2
22.b3 Rhe8 23.Bc3 f5 24.Ng3 Nf3+ 25.gxf3 Bxc3 26.Rxe8 Rxe8 27.Nxg6 a5 28.
Kf1 b5 29.f4 a4 30.Ne5+ Kc8 31.Nxf5 h5 32.Nxc6 Kb7 33.Ne5 Rf8 34.Ne3 Rxf4 
35.bxa4 bxa4 36.N5c4 Bxc4 37.Nxc4 Rxc4 38.dxc4 a3 39.Kg2 a2 40.Kg3 Bf6 41.
c3 Bxc3 42.Kh4 Kc6 43.Kxh5 Kc5 44.Kg6 Kxc4 45.f4 a1=Q 46.Rxa1 Bxa1 47.f5 
Kd5 48.f6 Ke6 49.f7 Ke7 50.h4 c5 51.h5 c4 52.h6 Bd4 0-1

[Event "36th World U20 ch"]
[Site "Zagan POL"]
[Date "1997.07.25"]
[Round "11"]
[White "Myc, Marcin"]
[Black "Blanco Acevedo, Cristobal Jose"]
[Result "1-0"]
[WhiteElo "2350"]
[BlackElo "2090"]
[EventDate "1997.07.14"]
[PlyCount "95"]

1.d4 d5 2.c4 c6 3.Nc3 Nf6 4.Nf3 Bf5 5.Qb3 Qb6 6.c5 Qxb3 7.axb3 Nbd7 8.b4 
Ne4 9.Nh4 Nxc3 10.bxc3 Bg6 11.Bf4 a6 12.f3 f6 13.Nxg6 hxg6 14.e4 e5 15.Bg3
dxe4 16.fxe4 O-O-O 17.Bc4 exd4 18.cxd4 Re8 19.O-O Rxe4 20.Rae1 Re7 21.b5 
cxb5 22.Bxb5 axb5 23.Ra1 Ne5 24.dxe5 Kd7 25.exf6 gxf6 26.c6+ bxc6 27.Rxf6 
Reh7 28.Ra7+ Ke8 29.Ra8+ Ke7 30.Rfxf8 Rxf8 31.Ra7+ Ke6 32.Rxh7 Kd5 33.Rd7+
Kc4 34.Rd6 c5 35.Rxg6 b4 36.Rb6 Rf5 37.Bh4 Kc3 38.Be1+ Kc4 39.h4 b3 40.g4 
Re5 41.Kf1 Re8 42.g5 Rf8+ 43.Kg2 Re8 44.Bf2 Re5 45.g6 Re7 46.h5 Kc3 47.h6 
b2 48.h7 1-0

[Event "36th World U20 ch"]
[Site "Zagan POL"]
[Date "1997.07.25"]
[Round "11"]
[White "Dantas, Carlos"]
[Black "Bae, Torstein"]
[Result "0-1"]
[WhiteElo "2200"]
[BlackElo "2200"]
[EventDate "1997.07.14"]
[PlyCount "64"]

1.f4 e5 2.e4 exf4 3.Bc4 c6 4.Nc3 d5 5.exd5 Qh4+ 6.Kf1 f3 7.d3 fxg2+ 8.Kxg2
Bg4 9.Qd2 Nf6 10.Qg5 Qe1 11.Bf4 Qxa1 12.Bxb8 Be7 13.d6 O-O 14.dxe7 Rfxb8 
15.Ne4 Nxe4 16.Qxg4 Nf6 17.Qe2 Nd5 18.Bxd5 cxd5 19.Nf3 Qxb2 20.Re1 Re8 21.
Qf2 Qf6 22.Qc5 Rab8 23.Nd4 a6 24.c4 dxc4 25.dxc4 g6 26.Nf3 Rbc8 27.Qd5 
Rxe7 28.Rf1 Re2+ 29.Kh1 Qc6 30.Qg5 Rce8 31.h4 Re1 32.Rxe1 Qxf3+ 0-1

[Event "36th World U20 ch"]
[Site "Zagan POL"]
[Date "1997.07.25"]
[Round "11"]
[White "Zerdo, Mirza"]
[Black "Petry, Croife"]
[Result "0-1"]
[WhiteElo "2175"]
[BlackElo "2195"]
[EventDate "1997.07.14"]
[PlyCount "85"]

1.d4 Nf6 2.c4 e6 3.Nc3 d5 4.Bg5 c6 5.Nf3 dxc4 6.e4 b5 7.e5 h6 8.Bh4 g5 9.
Nxg5 hxg5 10.Bxg5 Nbd7 11.exf6 Bb7 12.g3 Qb6 13.Bg2 O-O-O 14.O-O c5 15.d5 
b4 16.Na4 Qb5 17.a3 Ne5 18.axb4 Bxd5 19.Nc3 Qb7 20.Nxd5 exd5 21.Ra5 Nd3 
22.b5 Bd6 23.Qa1 Kb8 24.Rd1 Be5 25.Qa2 Qc7 26.Ra6 Nb4 27.b6 Qb7 28.Rxa7 
Nxa2 29.Rxb7+ Kxb7 30.Rxd5 Rxd5 31.Bxd5+ Kxb6 32.Bxf7 Kb5 33.Be6 Bxb2 34.
f7 Bg7 35.Be3 Nb4 36.g4 c3 37.f4 c2 38.Kf1 Rxh2 39.f5 c1=Q+ 40.Bxc1 Rh1+ 
41.Kg2 Rxc1 42.g5 Nd3 43.Bd5 0-1

[Event "36th World U20 ch"]
[Site "Zagan POL"]
[Date "1997.07.26"]
[Round "12"]
[White "Banikas, Hristos"]
[Black "Macieja, Bartlomiej"]
[Result "1-0"]
[WhiteElo "2450"]
[BlackElo "2470"]
[EventDate "1997.07.14"]
[PlyCount "59"]

1.c4 Nf6 2.Nc3 c5 3.g3 d5 4.cxd5 Nxd5 5.Bg2 Nc7 6.Qa4+ Qd7 7.Qxd7+ Nxd7 8.
Nf3 e5 9.d3 b6 10.Bh3 f6 11.Nd2 Bb7 12.O-O Be7 13.Nc4 Nf8 14.a4 Rd8 15.f4 
exf4 16.Bxf4 Nfe6 17.Nb5 Nxb5 18.axb5 Nxf4 19.gxf4 Bd5 20.Rxa7 Bxc4 21.
dxc4 Rd2 22.Rf3 f5 23.Re3 Rd7 24.Ra8+ Rd8 25.Ra6 Rd6 26.Bg2 Kf8 27.Bd5 Rd7
28.Ra8+ Bd8 29.Kg2 Rd6 30.Ra7 1-0

[Event "36th World U20 ch"]
[Site "Zagan POL"]
[Date "1997.07.26"]
[Round "12"]
[White "Kasimdzhanov, Rustam"]
[Black "Li Shilong"]
[Result "1/2-1/2"]
[WhiteElo "2545"]
[BlackElo "2335"]
[EventDate "1997.07.14"]
[PlyCount "94"]

1.Nf3 Nf6 2.g3 d5 3.Bg2 Bg4 4.b3 e6 5.Bb2 Nbd7 6.d3 Bd6 7.Nbd2 O-O 8.O-O 
c6 9.h3 Bh5 10.Qe1 Re8 11.e4 e5 12.Nh4 Qc7 13.Kh1 Rad8 14.a3 a5 15.Nf5 Bf8
16.f4 dxe4 17.dxe4 exf4 18.gxf4 Bg6 19.Ng3 Nxe4 20.Ndxe4 f5 21.Qc3 fxe4 
22.f5 Bf7 23.Nxe4 Qe5 24.Qxe5 Nxe5 25.Rad1 Rxd1 26.Rxd1 a4 27.Ng5 axb3 28.
cxb3 Bh5 29.Rd2 Be7 30.Ne6 Bf6 31.Bxe5 Bxe5 32.Rd7 g6 33.Be4 gxf5 34.Bxf5 
Bf7 35.Bxh7+ Kxh7 36.Ng5+ Kg6 37.Nxf7 Bf6 38.Nd6 Re1+ 39.Kg2 Rd1 40.a4 b6 
41.b4 Bc3 42.a5 Rd2+ 43.Kf3 bxa5 44.bxa5 Bxa5 45.Ra7 Rxd6 46.Rxa5 Rd3+ 47.
Ke4 Rxh3 1/2-1/2

[Event "36th World U20 ch"]
[Site "Zagan POL"]
[Date "1997.07.26"]
[Round "12"]
[White "Mirumian, Vigen"]
[Black "Bauer, Christian"]
[Result "1-0"]
[WhiteElo "2490"]
[BlackElo "2525"]
[EventDate "1997.07.14"]
[PlyCount "81"]

1.d4 c5 2.d5 Nf6 3.Nf3 g6 4.c4 Bg7 5.Nc3 d6 6.g3 O-O 7.Bg2 e6 8.O-O exd5 
9.cxd5 Na6 10.Nd2 Nc7 11.a4 b6 12.Nc4 Ba6 13.Na3 Qd7 14.Re1 Rfe8 15.h3 Re7
16.e4 Rae8 17.Bg5 h6 18.Bd2 Nh7 19.Qc1 h5 20.Qc2 Bf6 21.Rad1 h4 22.g4 g5 
23.Qc1 Re5 24.Nc2 Bc4 25.f4 gxf4 26.Bxf4 Bb3 27.Bxe5 Rxe5 28.Rd3 Bg5 29.
Ne3 Na6 30.Ncd1 Qxa4 31.Qc3 Bxd1 32.Rdxd1 Bxe3+ 33.Qxe3 Nb4 34.Rf1 Qe8 35.
Qh6 Qe7 36.Rd2 Ng5 37.Rdf2 Nd3 38.Rf6 Nxb2 39.Rxd6 Nc4 40.Rc6 Qd7 41.Rg6+ 
1-0

[Event "36th World U20 ch"]
[Site "Zagan POL"]
[Date "1997.07.26"]
[Round "12"]
[White "Iordachescu, Viorel"]
[Black "Baklan, Volodymyr"]
[Result "1-0"]
[WhiteElo "2500"]
[BlackElo "2570"]
[EventDate "1997.07.14"]
[PlyCount "79"]

1.e4 e6 2.d3 d5 3.Nd2 Nf6 4.Ngf3 b6 5.c3 Be7 6.Qa4+ Qd7 7.Qc2 c5 8.e5 Ng8 
9.d4 Ba6 10.Bxa6 Nxa6 11.O-O Nh6 12.Re1 O-O 13.Nf1 Nf5 14.Qe2 Nc7 15.Ng3 
Nxg3 16.hxg3 cxd4 17.Nxd4 Bc5 18.Be3 f6 19.exf6 Rxf6 20.Bg5 Rg6 21.Bf4 Rf8
22.Be5 Ne8 23.Rad1 Nf6 24.b4 Bxd4 25.Rxd4 Qe7 26.Rf4 Ne4 27.c4 Rg5 28.
Rxf8+ Qxf8 29.Bf4 Rg6 30.cxd5 Nc3 31.Qa6 Nxd5 32.Rc1 Qxb4 33.Rc8+ Kf7 34.
Qxa7+ Kf6 35.Qb8 Nxf4 36.Rf8+ Kg5 37.Qe5+ Kh6 38.Rxf4 Qb1+ 39.Kh2 Rg5 40.
Rh4+ 1-0